[Event "Mondiale Lampo FIDE 2022"]
[Site "Alma Ata"]
[Date "30.12.2022"]
[Round "21.24"]
[White "Aravindh, Chithambaram VR."]
[Black "Suleymanli, Aydin"]
[Result "0-1"]
[WhiteTitle ""]
[BlackTitle ""]
[WhiteElo "2607"]
[BlackElo "2543"]
[WhiteFideId "5072786"]
[BlackFideId "13413937"]
[EventDate "29.12.2022"]

1. g3 d5 2. Nf3 Nd7 3. d4 Nb6 4. Bg2 Bf5 5. O-O e6 6. b3 Nf6 7. c4 c6 8. Nbd2
Bb4 9. Bb2 Ne4 10. Nxe4 Bxe4 11. e3 dxc4 12. bxc4 Nxc4 13. Qb3 Bxf3 14. Qxb4
Bxg2 15. Kxg2 Qd5+ 16. Kg1 b5 17. Bc1 a5 18. Qc3 O-O 19. f3 f5 20. Qc2 e5 21.
dxe5 Qxe5 22. Rb1 a4 23. Rb4 Rad8 24. Rxc4 bxc4 25. Qxc4+ Qd5 26. Qc2 Rfe8 27.
Kg2 c5 28. Rf2 Ra8 29. Rd2 Qe6 30. Rd3 c4 31. Rd4 Rec8 32. Qc3 Rab8 33. h4 Qf6
34. Qc2 c3 35. Rxa4 Qe6 36. Rd4 Ra8 37. a4 Rab8 38. h5 Qf7 39. h6 gxh6 40. g4
Qg6 41. Kf2 f4 42. Re4 fxe3+ 43. Kg2 Re8 44. Qa2+ Qf7 45. Qc2 Rxe4 46. Qxe4 Re8
47. Qd4 0-1

[Event "Mondiale Lampo FIDE 2022"]
[Site "Alma Ata"]
[Date "30.12.2022"]
[Round "21.27"]
[White "Maghsoodloo, Parham"]
[Black "Le, Tuan Minh"]
[Result "1/2-1/2"]
[WhiteTitle ""]
[BlackTitle ""]
[WhiteElo "2719"]
[BlackElo "2542"]
[WhiteFideId "12539929"]
[BlackFideId "12401153"]
[EventDate "29.12.2022"]

1. e4 c5 2. Nf3 Nf6 3. e5 Nd5 4. Nc3 e6 5. Ne4 f5 6. Nc3 Ne7 7. h4 a6 8. a4 Nbc6
9. d4 cxd4 10. Nxd4 Nxd4 11. Qxd4 Nc6 12. Qe3 Qc7 13. f4 Be7 14. Qf2 b6 15. Be3
Rb8 16. Be2 Nb4 17. Bh5+ g6 18. Bf3 h5 19. O-O Kf7 20. Rfd1 Rd8 21. Rd2 d5 22.
exd6 Rxd6 23. Rad1 Rxd2 24. Rxd2 Bd7 25. g3 Bc6 26. Bxc6 Qxc6 27. Kh2 b5 28.
axb5 axb5 29. Qe2 Qc4 30. Qd1 Nc6 31. Rd3 Rd8 32. Rxd8 Nxd8 33. Qd4 Nc6 34. Qxc4
bxc4 35. Na4 Nb4 36. c3 Nd3 37. Kg2 Ke8 38. Kf3 Bd6 39. Bd4 Ke7 40. Ke3 e5 41.
fxe5 Bxe5 42. Bxe5 Nxe5 43. Nb6 Ke6 44. Kd4 Nf3+ 45. Kxc4 g5 46. Nd5 f4 47. hxg5
fxg3 48. g6 Ne5+ 49. Kd4 Nxg6 50. Ne3 h4 51. Ke4 h3 52. Kf3 g2 53. Kf2 Nf4 54.
Nxg2 Nxg2 55. Kg3 Nf4 56. c4 Ke5 57. b4 Kd4 58. b5 Kc5 59. Kh2 Kb6 60. Kg3 Kc5
61. Kh2 1/2-1/2

[Event "Mondiale Lampo FIDE 2022"]
[Site "Alma Ata"]
[Date "30.12.2022"]
[Round "21.28"]
[White "Zhigalko, Sergei"]
[Black "Makhnev, Denis"]
[Result "1-0"]
[WhiteTitle ""]
[BlackTitle ""]
[WhiteElo "2572"]
[BlackElo "2481"]
[WhiteFideId "13502956"]
[BlackFideId "13707647"]
[EventDate "29.12.2022"]

1. e4 e5 2. Nf3 Nc6 3. Bb5 a6 4. Ba4 Nf6 5. O-O Be7 6. Re1 b5 7. Bb3 d6 8. c3
O-O 9. h3 Nb8 10. d4 Nbd7 11. Nbd2 Bb7 12. Bc2 Re8 13. Nf1 Bf8 14. Ng3 g6 15. b3
a5 16. Rb1 Nb6 17. Bd3 b4 18. Bb2 Nfd7 19. Bb5 bxc3 20. Bxc3 Bg7 21. d5 Qe7 22.
Qd2 a4 23. bxa4 Reb8 24. a5 Nc8 25. a4 Na7 26. Bb4 Bf8 27. Rec1 Nc5 28. Qc3 f6
29. Nd2 Bc8 30. Qc4 Kh8 31. Bxc5 dxc5 32. Nb3 c6 33. dxc6 Be6 34. Qxc5 Qc7 35.
Qc3 Nxb5 36. axb5 Rxb5 37. Nd2 Raxa5 38. Rxb5 Rxb5 39. Qd3 Rc5 40. Rxc5 Bxc5 41.
Qb5 Qb6 42. Qxb6 Bxb6 43. Ne2 Kg7 44. Nc3 Ba5 45. Ndb1 f5 46. f3 Kf7 47. Nd5 Bc8
48. Na3 Ba6 49. c7 fxe4 50. fxe4 Ke6 51. Nc4 Be1 52. Ncb6 Kd6 53. c8=Q Bxc8 54.
Nxc8+ Kd7 55. Ncb6+ Ke6 56. Nc4 Bg3 57. Kf1 h5 58. Ke2 g5 59. Kf3 Be1 60. g4
hxg4+ 61. Kxg4 1-0

[Event "Mondiale Lampo FIDE 2022"]
[Site "Alma Ata"]
[Date "30.12.2022"]
[Round "21.29"]
[White "Sychev, Klementy"]
[Black "Vallejo Pons, Francisco"]
[Result "1-0"]
[WhiteTitle ""]
[BlackTitle ""]
[WhiteElo "2556"]
[BlackElo "2716"]
[WhiteFideId "4114060"]
[BlackFideId "2205530"]
[EventDate "29.12.2022"]

1. d4 Nf6 2. c4 e6 3. Nc3 c5 4. d5 exd5 5. cxd5 d6 6. e4 g6 7. Be2 Bg7 8. Be3
O-O 9. Nf3 Bg4 10. Nd2 Bxe2 11. Qxe2 a6 12. a4 Nbd7 13. O-O Ne8 14. Nc4 Ne5 15.
Nxe5 Bxe5 16. f4 Bg7 17. e5 Nc7 18. Rad1 Re8 19. Qf2 b6 20. Ne4 dxe5 21. f5 Qd7
22. d6 Ne6 23. fxe6 Rxe6 24. Qxf7+ 1-0

[Event "Mondiale Lampo FIDE 2022"]
[Site "Alma Ata"]
[Date "30.12.2022"]
[Round "21.30"]
[White "Ghaem Maghami, Ehsan"]
[Black "Niemann, Hans Moke"]
[Result "0-1"]
[WhiteTitle ""]
[BlackTitle ""]
[WhiteElo "2490"]
[BlackElo "2698"]
[WhiteFideId "12500739"]
[BlackFideId "2093596"]
[EventDate "29.12.2022"]

1. c4 Nf6 2. Nc3 g6 3. g3 Bg7 4. Bg2 O-O 5. d4 d6 6. e3 e5 7. Nge2 Nc6 8. d5 Na5
9. b3 c5 10. dxc6 bxc6 11. Ba3 Ne8 12. O-O Qc7 13. Qd2 Be6 14. Rac1 Nb7 15. Rfd1
Rc8 16. Nd5 Qd7 17. Ndc3 f5 18. e4 f4 19. f3 fxg3 20. hxg3 Qc7 21. Qe3 Nf6 22.
Na4 c5 23. Nac3 a6 24. Rd3 h5 25. Rcd1 Kh7 26. Bc1 Qf7 27. Kh1 Nd7 28. Ng1 Nb8
29. Nh3 Bxh3 30. Bxh3 Rce8 31. Ne2 Nc6 32. Ng1 Nd4 33. Bg2 Nd8 34. Nh3 N8e6 35.
f4 Bh6 36. Rf1 h4 37. Ng5+ Bxg5 38. fxg5 Qxf1+ 39. Bxf1 Rxf1+ 40. Kg2 Ref8 41.
gxh4 Rxc1 42. Qxc1 Nf4+ 43. Kh2 Nxd3 44. Qa3 Rf2+ 45. Kh3 Nf4+ 46. Kg3 Rg2# 0-1

[Event "Mondiale Lampo FIDE 2022"]
[Site "Alma Ata"]
[Date "30.12.2022"]
[Round "21.31"]
[White "Cheparinov, Ivan"]
[Black "Adhiban, Baskaran"]
[Result "0-1"]
[WhiteTitle ""]
[BlackTitle ""]
[WhiteElo "2688"]
[BlackElo "2611"]
[WhiteFideId "2905540"]
[BlackFideId "5018471"]
[EventDate "29.12.2022"]

1. e4 c5 2. Nf3 Nc6 3. d4 cxd4 4. Nxd4 e5 5. Nb5 d6 6. c4 g6 7. N1c3 a6 8. Na3
Bg7 9. Be2 Nd4 10. Be3 Be6 11. Nc2 Nxe2 12. Qxe2 Rc8 13. Nd5 Nf6 14. Bb6 Qd7 15.
Nxf6+ Bxf6 16. b3 Qc6 17. Qe3 Bxc4 18. bxc4 Qxc4 19. Rc1 O-O 20. Qd2 Qxe4+ 21.
Be3 Qxg2 22. Rf1 d5 23. f3 Qh3 24. Nb4 Rxc1+ 25. Qxc1 d4 26. Bg5 Rc8 27. Qd2
Bxg5 28. Qxg5 Qxh2 29. Nd5 h6 30. Qd2 Qh4+ 31. Kd1 Qd8 32. Nb4 Kg7 33. Ke2 Qe7
34. Nd3 e4 35. fxe4 Qxe4+ 36. Kf2 Rc3 37. Rd1 b5 38. Qe2 f5 39. Rd2 a5 40. Qf3
b4 41. Qg3 a4 42. Re2 f4 43. Qxf4 Qxf4+ 44. Nxf4 d3 45. Rd2 Rc2 46. Ke3 b3 47.
axb3 Rxd2 48. Kxd2 a3 0-1

[Event "Mondiale Lampo FIDE 2022"]
[Site "Alma Ata"]
[Date "30.12.2022"]
[Round "21.33"]
[White "Nguyen, Thai Dai Van"]
[Black "Shankland, Sam"]
[Result "1/2-1/2"]
[WhiteTitle ""]
[BlackTitle ""]
[WhiteElo "2656"]
[BlackElo "2710"]
[WhiteFideId "358878"]
[BlackFideId "2004887"]
[EventDate "29.12.2022"]

1. Nf3 c5 2. c4 Nc6 3. Nc3 g6 4. e3 Nf6 5. d4 cxd4 6. exd4 d5 7. cxd5 Nxd5 8.
Qb3 Nxc3 9. Bc4 e6 10. bxc3 Bd7 11. Bd3 Na5 12. Qc2 Bg7 13. Ba3 Bf8 14. Bc1 Bg7
15. Ba3 Bf8 16. Bc1 Rc8 17. O-O Qc7 18. Qe2 Bg7 19. Ne5 O-O 20. Bf4 Qd8 21. Rac1
Nc6 22. Nxd7 Qxd7 23. h4 h5 24. Rfd1 Ne7 25. Bg5 b6 26. Bb5 Qd6 27. Bxe7 Qxe7
28. d5 Rfd8 29. dxe6 fxe6 30. Rxd8+ Rxd8 31. g3 Qf6 32. Bc4 Rd6 33. Rd1 Rxd1+
34. Qxd1 Kh7 35. Qd7 Qxc3 1/2-1/2

[Event "Mondiale Lampo FIDE 2022"]
[Site "Alma Ata"]
[Date "30.12.2022"]
[Round "21.34"]
[White "Sargissian, Gabriel"]
[Black "Vidit, Santosh Gujrathi"]
[Result "1-0"]
[WhiteTitle ""]
[BlackTitle ""]
[WhiteElo "2699"]
[BlackElo "2730"]
[WhiteFideId "13300881"]
[BlackFideId "5029465"]
[EventDate "29.12.2022"]

1. d4 Nf6 2. Nf3 e6 3. c4 d5 4. g3 dxc4 5. Bg2 a6 6. O-O Nc6 7. Nbd2 b5 8. b3 c3
9. Nb1 b4 10. a3 Rb8 11. axb4 Bxb4 12. Bg5 h6 13. Bxf6 Qxf6 14. e3 e5 15. d5 e4
16. Ne1 Ne5 17. Nc2 Bg4 18. Qd4 Nf3+ 19. Bxf3 Qxd4 20. Nxd4 Bxf3 21. Rc1 a5 22.
Nxc3 O-O 23. Ncb5 Rfd8 24. Nc6 Rxb5 25. Nxd8 Rxd5 26. Nc6 Bd2 27. Ne7+ 1-0

[Event "Mondiale Lampo FIDE 2022"]
[Site "Alma Ata"]
[Date "30.12.2022"]
[Round "21.35"]
[White "Sadhwani, Raunak"]
[Black "Ponkratov, Pavel"]
[Result "0-1"]
[WhiteTitle ""]
[BlackTitle ""]
[WhiteElo "2627"]
[BlackElo "2577"]
[WhiteFideId "35093487"]
[BlackFideId "4157800"]
[EventDate "29.12.2022"]

1. d4 Nf6 2. Bf4 c5 3. d5 g6 4. Nc3 Bg7 5. e4 d6 6. Qd2 Qa5 7. Nf3 Bg4 8. Be2
Nbd7 9. O-O Bxf3 10. Bxf3 b5 11. a4 b4 12. Ne2 O-O 13. h4 h5 14. b3 Ne5 15. Bxe5
dxe5 16. Nc1 Rac8 17. Nd3 Ne8 18. Qg5 Qc7 19. Qg3 a5 20. Rae1 Qb8 21. Be2 c4 22.
Nc1 cxb3 23. Nxb3 Rc3 24. Bd3 Qc7 25. f4 exf4 26. Qxf4 Be5 27. Qg5 Nf6 28. Rf3
Ng4 29. Qd2 Rxb3 30. cxb3 Bc3 0-1

[Event "Mondiale Lampo FIDE 2022"]
[Site "Alma Ata"]
[Date "30.12.2022"]
[Round "21.36"]
[White "Gareyev, Timur"]
[Black "Bluebaum, Matthias"]
[Result "1-0"]
[WhiteTitle ""]
[BlackTitle ""]
[WhiteElo "2602"]
[BlackElo "2657"]
[WhiteFideId "14200937"]
[BlackFideId "24651516"]
[EventDate "29.12.2022"]

1. d4 d5 2. c4 e6 3. Nc3 Bb4 4. cxd5 exd5 5. Bf4 c5 6. e3 c4 7. Be2 Nc6 8. Bf3
Be6 9. Ne2 g5 10. Be5 Nxe5 11. dxe5 Ne7 12. Nd4 Nc6 13. Nxe6 fxe6 14. Bh5+ Kd7
15. O-O Nxe5 16. Nxd5 exd5 17. Qxd5+ Bd6 18. Qxb7+ Qc7 19. Qe4 Qc6 20. Qc2 Kc7
21. f4 gxf4 22. exf4 Nd3 23. Bf3 Qc5+ 24. Kh1 Rae8 25. b4 Nxb4 26. Qa4 Rb8 27.
Rac1 c3 28. Qb3 Nd3 29. Qf7+ Kb6 30. Rcd1 Nb4 31. a3 Nc6 32. Rd5 Qxa3 33. Rb1+
Bb4 34. Rd6 Rhc8 35. Qd5 Qa4 36. Qd4+ Ka5 37. Qd5+ Rb5 38. Qe6 c2 39. Rg1 Rbb8
40. Bxc6 Qa3 41. Qd5+ Bc5 42. Qd2+ Qb4 43. Qxc2 Bxd6 44. Qxh7 Rxc6 45. Qxa7+ Kb5
46. Qd7 Rc8 47. Qb7+ Kc5 48. Rc1+ Kd4 49. Rd1+ Kc3 50. Qg7+ Kc2 51. Qa1 Qb2 52.
Rd2+ Kxd2 53. Qxb2+ Ke3 54. Qb3+ Rc3 55. Qe6+ Kf2 56. h4 Bxf4 57. Qb6+ Kg3 58.
Qg6+ Kf2 59. Qb6+ Be3 60. Qf6+ Ke2 61. Kh2 R3c4 62. Qa6 Bf4+ 63. g3 Be3 64. Kh3
Kd3 65. Qd6+ Ke4 66. Qe6+ Kf3 67. Qf5+ Ke2 68. Qb5 Rc5 69. Qb2+ Kd3 70. Qb1+ Kd4
71. Qd1+ Ke5 72. Qh5+ Kd4 73. Qd1+ Kc3 74. Qe1+ Bd2 75. Qe6 Kb3 76. Qf7 Kb4 77.
Qf2 Bc3 78. Qf8 Kb3 79. Qf7 Kb2 80. Qf2+ Ka3 81. Qc2 Kb4 82. Qb1+ Ka5 83. Qh7
Be5 84. Qa7+ Kb4 85. Qb6+ Kc3 86. Qe6 Kd2 87. h5 Rc3 88. h6 Rxg3+ 89. Kh4 Re3
90. Qd7+ Ke1 91. Kg4 Bc3 92. Qf7 Ke2 93. h7 Kd2 94. Qa2+ Kd1 95. Qb1+ Kd2 96.
Qa2+ Kd1 97. Qb3+ Kd2 98. Qa2+ Kd1 99. Qb3+ Kd2 100. Qxc3+ Rexc3 101. h8=Q R3c4+
102. Kf3 Kc2 103. Ke3 Kb3 104. Kd3 Rc3+ 105. Kd2 Rd5+ 106. Ke2 Kc2 107. Qh7+
Rcd3 108. Qe4 Kc3 109. Qe8 Rd2+ 110. Ke1 R2d4 111. Qe3+ Kc4 112. Qe2+ Rd3 113.
Qc2+ Kd4 114. Qa4+ Ke5 115. Qe8+ Kf4 116. Qf7+ Ke4 117. Qg6+ Kd4 118. Qb6+ Ke4
119. Qg6+ Ke5 120. Qg7+ Kd6 121. Qf8+ Kc7 122. Qe7+ Rd7 123. Qc5+ Kd8 124. Qa5+
Ke8 125. Qh5+ Ke7 126. Qh7+ Kd6 127. Qxd3+ Kc7 128. Qc4+ Kd8 129. Ke2 Rd6 130.
Ke3 Kd7 131. Ke4 Rc6 132. Qg8 Kd6 133. Qd8+ Kc5 134. Qa5+ Kd6 135. Kd4 Ke7 136.
Qf5 Re6 137. Kd5 Rd6+ 138. Ke5 Rc6 139. Qh7+ Kd8 140. Kd5 Rb6 141. Qg7 Kc8 142.
Qf7 Kd8 143. Qf4 Kd7 144. Qg4+ Kd8 145. Kc5 Rf6 146. Qg7 Re6 147. Qf7 Ra6 148.
Qd5+ Ke8 149. Qe4+ Kd8 150. Qd3+ 1-0

[Event "Mondiale Lampo FIDE 2022"]
[Site "Alma Ata"]
[Date "30.12.2022"]
[Round "21.37"]
[White "Nogerbek, Kazybek"]
[Black "Tari, Aryan"]
[Result "0-1"]
[WhiteTitle ""]
[BlackTitle ""]
[WhiteElo "2468"]
[BlackElo "2659"]
[WhiteFideId "13710427"]
[BlackFideId "1510045"]
[EventDate "29.12.2022"]

1. Nf3 d5 2. e3 Nf6 3. c4 e6 4. Nc3 b6 5. cxd5 exd5 6. b3 Bb7 7. Bb2 Be7 8. g3
O-O 9. Bg2 Nbd7 10. O-O a6 11. Rc1 Bd6 12. Ne2 Re8 13. Rc2 a5 14. Nfd4 c5 15.
Nb5 Bf8 16. d4 a4 17. Nec3 axb3 18. axb3 Ra5 19. dxc5 bxc5 20. Na3 Qa8 21. Nab1
d4 22. Bxb7 Qxb7 23. exd4 cxd4 24. Ne2 Ne5 25. Nxd4 Rd8 26. f4 Neg4 27. Qf3 Qb6
28. Rc4 Rad5 29. Rd1 Bc5 30. Qd3 Qb7 31. h3 Rh5 32. Rxc5 Rxh3 33. Rc6 Rh1+ 34.
Kxh1 Nf2+ 35. Kg1 Nxd3 36. Rxd3 Rxd4 37. Rxd4 Qxc6 38. Rd8+ Ne8 39. Bd4 f6 40.
Nc3 Kf7 41. b4 Qf3 42. Rd7+ Kg6 43. b5 Qxg3+ 44. Kf1 Qxf4+ 45. Ke1 Nd6 46. b6
Qxd4 47. b7 Qxc3+ 48. Ke2 Qb2+ 49. Kd3 Nxb7 0-1

[Event "Mondiale Lampo FIDE 2022"]
[Site "Alma Ata"]
[Date "30.12.2022"]
[Round "21.38"]
[White "Muradli, Mahammad"]
[Black "Tin, Jingyao"]
[Result "1-0"]
[WhiteTitle ""]
[BlackTitle ""]
[WhiteElo "2540"]
[BlackElo "2562"]
[WhiteFideId "13409301"]
[BlackFideId "5804418"]
[EventDate "29.12.2022"]

1. c4 c6 2. Nf3 d5 3. e3 Nf6 4. Nc3 e6 5. b3 Nbd7 6. Bb2 Bd6 7. d4 Ne4 8. Nxe4
dxe4 9. Nd2 f5 10. c5 Bb8 11. d5 O-O 12. dxc6 Nxc5 13. Qc2 Nd3+ 14. Bxd3 Qxd3
15. Rc1 bxc6 16. Qxc6 Rd8 17. Nc4 Qd5 18. Qa4 Bd7 19. Qb4 Be8 20. O-O Bc7 21.
Bd4 Bh5 22. Qc3 Rd7 23. Be5 Bd8 24. Rc2 Rc8 25. h3 Qb5 26. Rfc1 Be7 27. Bxg7 Bb4
28. Qf6 Rf7 29. Qh6 Bg6 30. Nd6 Rxc2 31. Rxc2 Bxd6 32. Rc8+ Bf8 33. Bxf8 Qd7 34.
Rb8 1-0

[Event "Mondiale Lampo FIDE 2022"]
[Site "Alma Ata"]
[Date "30.12.2022"]
[Round "21.39"]
[White "Pranav, V"]
[Black "Yudin, Sergei"]
[Result "1-0"]
[WhiteTitle ""]
[BlackTitle ""]
[WhiteElo "2545"]
[BlackElo "2469"]
[WhiteFideId "25060783"]
[BlackFideId "4159659"]
[EventDate "29.12.2022"]

1. e4 d6 2. d4 Nf6 3. Nc3 e5 4. Nf3 Nbd7 5. Bc4 Be7 6. O-O O-O 7. Re1 c6 8. a4
exd4 9. Nxd4 Ne5 10. Bf1 Re8 11. h3 Ng6 12. a5 Bd7 13. a6 b5 14. b3 Bf8 15. Ba3
b4 16. Bxb4 c5 17. Ba5 Qc8 18. Ndb5 Qxa6 19. Bd8 Qc6 20. Bxf6 gxf6 21. Nd5 Bg7
22. Nbc7 Reb8 23. Ra6 Qb7 24. Rxd6 Be8 25. Ba6 1-0

[Event "Mondiale Lampo FIDE 2022"]
[Site "Alma Ata"]
[Date "30.12.2022"]
[Round "21.40"]
[White "Batsuren, Dambasuren"]
[Black "Ter-Sahakyan, Samvel"]
[Result "0-1"]
[WhiteTitle ""]
[BlackTitle ""]
[WhiteElo "2525"]
[BlackElo "2605"]
[WhiteFideId "4902920"]
[BlackFideId "13302531"]
[EventDate "29.12.2022"]

1. d4 Nf6 2. c4 e6 3. Bf4 d5 4. cxd5 exd5 5. e3 Bd6 6. Bxd6 Qxd6 7. Bd3 O-O 8.
Nc3 c6 9. h3 Re8 10. Qc2 Nbd7 11. Nf3 Nf8 12. Ne5 Ng6 13. f4 a6 14. O-O c5 15.
Qf2 b5 16. a3 Bb7 17. Rad1 cxd4 18. exd4 Ne4 19. Bxe4 dxe4 20. d5 f5 21. Nxg6
hxg6 22. Qe3 Rac8 23. Rf2 Rc4 24. g4 Bc8 25. g5 Bd7 26. h4 Qc5 27. Qxc5 Rxc5 28.
Re2 Kf7 29. Kf2 a5 30. Rd4 Rh8 31. Kg3 Rb8 32. Re3 Ke7 33. b4 axb4 34. axb4 Rc4
35. d6+ Ke6 36. Rd5 Rxb4 37. Re5+ Kxd6 38. Kf2 Rc8 39. Nd5 Rb2+ 40. Re2 Rxe2+
41. Kxe2 Rc5 42. Nb4 Rxe5 0-1

[Event "Mondiale Lampo FIDE 2022"]
[Site "Alma Ata"]
[Date "30.12.2022"]
[Round "21.41"]
[White "Tomashevsky, Evgeny"]
[Black "Daneshvar, Bardiya"]
[Result "1-0"]
[WhiteTitle ""]
[BlackTitle ""]
[WhiteElo "2694"]
[BlackElo "2500"]
[WhiteFideId "4147235"]
[BlackFideId "12576468"]
[EventDate "29.12.2022"]

1. c4 Nf6 2. Nf3 e6 3. g3 d5 4. Bg2 d4 5. O-O c5 6. e3 Nc6 7. d3 Bd6 8. exd4
cxd4 9. Bg5 h6 10. Bxf6 Qxf6 11. Nbd2 Qe7 12. a3 a5 13. Re1 O-O 14. Rc1 a4 15.
Qc2 Ra5 16. Ne4 Bb8 17. c5 Rd8 18. Nfd2 Ne5 19. Nc4 Nxc4 20. Qxc4 Bd7 21. Qxd4
Bc6 22. Qc3 Rb5 23. Nd2 Qd7 24. Bxc6 bxc6 25. Re3 Qd4 26. Qxd4 Rxd4 27. Rc2 Rd5
28. Ne4 Be5 29. Rc4 Rxb2 30. Rxa4 Bd4 31. Rf3 f5 32. Nd6 Bxc5 33. Ra8+ Kh7 34.
Nc4 Rb3 35. Ra6 Rbxd3 36. Rxd3 Rxd3 37. Rxc6 Bxa3 38. Rxe6 Rc3 39. Ne3 Rc5 40.
Ra6 Bc1 41. Ng2 Bg5 42. h4 Rc1+ 43. Kh2 Bf6 44. h5 Rc2 45. f4 Bd4 46. Kh3 Rc3
47. Nh4 Rc5 48. Ra8 g5 49. hxg6+ Kg7 50. Ra7+ Kg8 51. Rf7 Rc6 52. Rxf5 Bf6 53.
Nf3 Kg7 54. Kg4 Kxg6 55. Rb5 Rc7 56. Rb6 Kg7 57. Kh5 Rc5+ 58. Kg4 h5+ 59. Kh3
Rc3 60. Nd2 Re3 61. Nc4 Re1 62. Nd6 Bd4 63. Rc6 Bg1 64. Nf5+ Kf7 65. Rh6 Re2 66.
Rxh5 Kg6 67. Kg4 Ra2 68. Rh6+ Kf7 69. Nd6+ Kg7 70. Nf5+ Kf7 71. Kg5 Ra5 72. Rh7+
Kg8 73. Rd7 Ra6 74. g4 Bc5 75. Nh6+ Kh8 76. Nf7+ Kg8 77. Ne5 Bf8 78. Ng6 Bg7 79.
f5 Bf6+ 80. Kh6 Ra1 81. Nf4 Ra6 82. Ne6 Ra4 1-0

[Event "Mondiale Lampo FIDE 2022"]
[Site "Alma Ata"]
[Date "30.12.2022"]
[Round "21.42"]
[White "Petrosyan, Manuel"]
[Black "Predke, Alexandr"]
[Result "1-0"]
[WhiteTitle ""]
[BlackTitle ""]
[WhiteElo "2621"]
[BlackElo "2684"]
[WhiteFideId "13300857"]
[BlackFideId "24107581"]
[EventDate "29.12.2022"]

1. d4 d5 2. Bf4 Nf6 3. e3 Bf5 4. Bd3 e6 5. Bxf5 exf5 6. Qd3 Qc8 7. Ne2 g6 8. O-O
Nbd7 9. c4 c6 10. Nbc3 dxc4 11. Qxc4 Be7 12. a4 a5 13. Rac1 O-O 14. Qb3 Bb4 15.
Rfd1 Nb6 16. Na2 Nfd5 17. Nxb4 axb4 18. Bd6 Re8 19. Bxb4 Rxa4 20. Bc5 Ra6 21.
Nc3 Qd7 22. Bxb6 Nxb6 23. g3 h5 24. h4 Rd8 25. Ra1 Rda8 26. Rxa6 Rxa6 27. Qb4
Nd5 28. Nxd5 cxd5 29. Rc1 Rc6 30. Rc5 Rxc5 31. dxc5 Qe7 32. Qd4 Qd7 33. b4 Qb5
34. Kg2 Qa4 35. Qc3 Qb5 36. Kg1 Qa4 37. Qb2 Qb5 38. Qb3 Kf8 39. Qa3 Kg8 40. Kg2
Kf8 41. Kf3 Ke7 42. Qc3 Ke6 43. Qd4 Qf1 44. Qh8 Qh1+ 45. Ke2 Qb1 46. Qc8+ Kf6
47. Qxb7 Qc2+ 48. Kf1 Qb1+ 49. Kg2 Qe4+ 50. Kg1 Qb1+ 51. Kg2 Qe4+ 52. Kh2 Qc2 1-0

[Event "Mondiale Lampo FIDE 2022"]
[Site "Alma Ata"]
[Date "30.12.2022"]
[Round "21.43"]
[White "Paravyan, David"]
[Black "Sjugirov, Sanan"]
[Result "1/2-1/2"]
[WhiteTitle ""]
[BlackTitle ""]
[WhiteElo "2586"]
[BlackElo "2712"]
[WhiteFideId "4194985"]
[BlackFideId "4189302"]
[EventDate "29.12.2022"]

1. e4 e5 2. Nf3 Nc6 3. Nc3 Nf6 4. d4 exd4 5. Nxd4 Bb4 6. Nxc6 bxc6 7. Bd3 d5 8.
exd5 O-O 9. O-O Bg4 10. f3 Bh5 11. Bg5 cxd5 12. Bxf6 Qxf6 13. Nxd5 Qxb2 14. Rb1
Bc5+ 15. Kh1 Qe5 16. Re1 Qd6 17. Ne7+ Kh8 18. Qe2 Bg6 19. Nxg6+ hxg6 20. Qe4 Kg8
21. g3 Rab8 22. Kg2 Rxb1 23. Rxb1 Bb6 24. Re1 Rd8 25. h4 Kf8 26. Re2 Qc5 27. Kh3
Qd6 28. Bc4 Qd7+ 29. Qg4 Qxg4+ 30. fxg4 Rd4 31. Bb5 Rd8 32. g5 Bc5 33. Re4 Bd6
34. g4 Be7 35. Ra4 Rd5 36. Rxa7 Bxg5 37. Bc4 Rc5 38. Bd3 Bf4 39. g5 Bd2 40. a4
Ke7 41. Rb7 Ba5 42. Rb8 Re5 43. Rg8 Bc3 44. Kg4 Re3 45. Kf4 Bd2 46. Kg4 Bc3 47.
Kf4 Bd2 48. Kg4 Bc3 49. Kf4 Bd2 50. Kg4 Bc3 51. Kf4 Bd2 1/2-1/2

[Event "Mondiale Lampo FIDE 2022"]
[Site "Alma Ata"]
[Date "30.12.2022"]
[Round "21.44"]
[White "Ganguly, Surya Shekhar"]
[Black "Idani, Pouya"]
[Result "1-0"]
[WhiteTitle ""]
[BlackTitle ""]
[WhiteElo "2582"]
[BlackElo "2637"]
[WhiteFideId "5002150"]
[BlackFideId "12510130"]
[EventDate "29.12.2022"]

1. e4 c5 2. c3 d6 3. d4 Nf6 4. dxc5 Nc6 5. Qd3 d5 6. exd5 Qxd5 7. Qxd5 Nxd5 8.
Nf3 e5 9. Bc4 Be6 10. Ng5 Bxc5 11. Nxe6 fxe6 12. Nd2 O-O 13. Ne4 Be7 14. Ke2 Na5
15. Bb5 a6 16. Bd7 Kf7 17. Ba4 b5 18. Bc2 Nf4+ 19. Bxf4 exf4 20. a4 Nc4 21. b3
Nd6 22. Rhd1 Nxe4 23. Bxe4 Rad8 24. axb5 Rxd1 25. Kxd1 axb5 26. b4 Rc8 27. Kd2
Rc7 28. Bd3 Bf6 29. Ra3 Rb7 30. f3 h6 31. Ra6 Rc7 32. Ra3 Rb7 33. Kc2 Ke7 34.
Kb3 Rc7 35. c4 bxc4+ 36. Bxc4 Bd4 37. Ra6 e5 38. Rg6 Kd8 39. b5 Ra7 40. Kb4 Kc8
41. Bd5 Re7 42. Be4 Kb8 43. b6 Be3 44. Kb5 Bd4 45. Rd6 Kc8 46. Bf5+ Kb7 47. Be4+
Kc8 48. Kc6 Rf7 49. Bf5+ 1-0

[Event "Mondiale Lampo FIDE 2022"]
[Site "Alma Ata"]
[Date "30.12.2022"]
[Round "21.45"]
[White "Adly, Ahmed"]
[Black "Tabatabaei, M. Amin"]
[Result "1-0"]
[WhiteTitle ""]
[BlackTitle ""]
[WhiteElo "2596"]
[BlackElo "2660"]
[WhiteFideId "10601619"]
[BlackFideId "12521213"]
[EventDate "29.12.2022"]

1. d4 Nf6 2. Nf3 e6 3. e3 c5 4. b3 b6 5. Bb2 Bb7 6. Nbd2 d5 7. Bd3 Nc6 8. a3
cxd4 9. exd4 g6 10. Ne5 Bg7 11. h4 O-O 12. h5 Nxe5 13. dxe5 Nd7 14. hxg6 fxg6
15. Rxh7 Qg5 16. Rxg7+ Kxg7 17. g3 Nc5 18. Bf1 d4 19. Bxd4 Rad8 20. c3 Qf5 21.
Qe2 Ba6 22. Qe3 Bxf1 23. Kxf1 Qh3+ 24. Ke2 Qh5+ 25. f3 Nd7 26. Ne4 Nb8 27. Qg5
Qh2+ 28. Nf2 Nc6 29. Rh1 Qg2 30. Qh6+ Kf7 31. Rh2 Qg1 32. Qh7+ Ke8 33. Qxg6+ Kd7
34. Rh7+ Ne7 35. Ne4 Qg2+ 36. Ke1 Rxf3 37. Bf2 Rdf8 38. Qg5 R8f7 39. Rxf7 Rxf7
40. Nf6+ Kc6 41. Qh5 Rf8 42. Qh7 Rxf6 43. exf6 Nd5 44. f7 Qf3 45. Qg6 Kd7 46.
Bd4 e5 47. Bxe5 Qe3+ 48. Kf1 Qf3+ 49. Kg1 Qe3+ 50. Kh2 Qf2+ 51. Kh3 Qf1+ 52. Kh4
Qh1+ 53. Kg5 Qc1+ 54. Bf4 Nxf4 55. gxf4 Qg1+ 56. Kh6 Qh2+ 57. Kg7 1-0

[Event "Mondiale Lampo FIDE 2022"]
[Site "Alma Ata"]
[Date "30.12.2022"]
[Round "21.46"]
[White "Vokhidov, Shamsiddin"]
[Black "Gharibyan, Mamikon"]
[Result "1-0"]
[WhiteTitle ""]
[BlackTitle ""]
[WhiteElo "2579"]
[BlackElo "2480"]
[WhiteFideId "14204223"]
[BlackFideId "13308300"]
[EventDate "29.12.2022"]

1. e4 e5 2. Nf3 Nc6 3. Bb5 a6 4. Ba4 Nf6 5. O-O Bc5 6. c3 O-O 7. d4 Ba7 8. Bg5
h6 9. Bh4 d6 10. Re1 b5 11. Bc2 Bg4 12. d5 Nb8 13. Nbd2 g5 14. Bg3 Nbd7 15. h3
Bh5 16. Nf1 Bg6 17. Ne3 Bxe4 18. Nf5 Bxf5 19. Bxf5 Nh5 20. Bh2 Ng7 21. Qc2 Nf6
22. a4 Nfe8 23. axb5 axb5 24. Bd3 f5 25. Bxb5 e4 26. Bc6 exf3 27. Bxa8 Bb6 28.
gxf3 f4 29. Bc6 Qf6 30. Ra8 Nf5 1-0